Name K-Pop girl group A-Z - Statistiques

Statistiques générales
  • Ce quiz a été pris 238 fois
  • Le résultat moyen est 11 sur 26
Statistiques - réponses
Hint Réponse % Correct
B B-OURS/BABYMONSTER/Beauty Box/Billlie/BLACKPINK/BLACKSWAN/Brown Eyed Girls/Busters
97%
A A-Plus/ADYA/aespa/ALICE/AOA/Apink
88%
G Gavy Nj/(G)I-DLE/GIRL CRUSH/Girl's Day/Girls' World/Girls' Alert/Girls' Generation/GOT the beat/GLX
84%
T T-Ara/The Grace/Tier 4/TIM A/TIM B/T.O.P Girls/TRACER/TRI.BE/tripleS/TWICE
84%
I ICE CREAM/ICHILLIN'/ICU/ikling/ILY:1/Inter Girls/IRION Girls/IRRIS/ITZY/IVE
77%
N N-DAY/N:Dear/Nature/NEKIRU/NewJeans/NextU/NMIXX
74%
L Ladies' Code/LA FLOR/LAPILLUS/LAYSHA/LE SSERAFIM/LIGHTSUM/Like Me/LIMELIGHT/Live High/LOONA/Lusty
71%
M MAJORS/Maka Maka/MAMAMOO/Maywish/MEP-C/mimiirose/MuuTive/My Darling/MZ SooChaeHak
66%
R R3PLAY/RAMISU/Red Mint/Red Velvet/Refiners/Rocket Punch/Rocking Doll/Rose Finger/Rose Queen/Rumble.G/RuViChe
61%
D DESTINY/DIA/DIAWINGS/Dreamcatcher/Dreamnote
48%
E E:LFIN/Episode/EVERGLOW/EXID
47%
K Kandis/KELT9b/Kep1er/KISS OF LIFE
47%
F Fanatics/Favorite/FERRY BLUE/FIFTY FIFTY/fishingirls/FLORIA/Fly With Me/Free In Sas/fromis_9
44%
S S.I.S/Saturday/Secret Number/SG GIRLS/Silhouette/SKYLE/SOYOU/SRZN/STAYC/Sunny Hill/SUNOA
40%
V Vanilla/VENUS/Violet/VIVIZ
34%
C Cherry Bullet/cignature/CLASS:y/CRAXY/CSR
33%
P Pastel Girls/PEACH A!/PINK BLING/Pink Fantasy/PIXY/Pocket Girls/Polaris Girls/Posh Girls/PRECIOUS/PRIMROSE/PRISMA/PRITTI-G/Pritz/PSEUDO SIGMA/Pungdeng-E/Purple Beck/PURPLE KISS/PURPLE RING
30%
X X:in/XG/XoX
29%
W Walking After U/We;Na/WeavAge/Weeekly/Weki Meki/WITCHES/WizarD/WJSN/Woo!ah!
27%
O OH MY GIRL/ON AIR/ONEST/ON TOP
26%
H H1-KEY/Half Moon/HANA/Hashtag/Hey Girls/HeyMiss/Hi-L/HONEY POPCORN
14%
J January/Just COLOR/JXENM
6%
Q Q6IX/Q.O.S/Queenz Eye
5%
U UiU
5%
Y YaYaYa/YURASAI
4%
Z ZeroSix
2%
Aucun quiz correspondant
Distribution des résultats
% des personnes avec chaque résultat
Percentile par nombre de réponses
Votre historique - résultats
Vous n’avez pas pris ce quiz